[Event "ODJM C 2019"]
[Site "Willingen GER"]
[Date "2019.06.12"]
[Round "5"]
[White "Pauser, Kilian"]
[Black "Borriss, Emma"]
[Result "1-0"]
[Termination "normal"]
[Board "24"]
[WhiteElo "995"]
[BlackElo "1052"]
[PlyCount "55"]
[WhiteFideId "16287584"]
[BlackFideId "16287517"]
[EventCountry "GER"]
[EventRounds "9"]
[EventType "swiss"]
[EventDate "2019.06.08"]

1. e4 e5 2. Nf3 Nc6 3. Bc4 Bc5 4. b4 Bxb4 5. c3 Ba5 6. d4 exd4 7. O-O Bb6 8.
cxd4 d6 9. d5 Ne5 10. Nxe5 dxe5 11. Bb2 f6 12. Nc3 Bd7 13. Qb3 Nh6 14. Ne2 f5
15. Bxe5 Qe7 16. Qb2 Qg5 17. Bf4 Qg4 18. Bxh6 gxh6 19. Qxh8+ Ke7 20. Qxa8 fxe4
21. Qh8 e3 22. Qxh7+ Kd6 23. Qxh6+ Kc5 24. Qxe3+ Kxc4 25. Rfc1+ Kb5 26. Qb3+
Ka6 27. Qc4+ Bb5 28. Qxg4 1-0

[Event "ODJM C 2019"]
[Site "Willingen GER"]
[Date "2019.06.12"]
[Round "5"]
[White "Prinzen, Per Henrik"]
[Black "Burger, Daiana"]
[Result "0-1"]
[Termination "normal"]
[Board "26"]
[WhiteElo "833"]
[BlackElo "1366"]
[PlyCount "56"]
[WhiteFideId "16287592"]
[BlackFideId "16217233"]
[EventCountry "GER"]
[EventRounds "9"]
[EventType "swiss"]
[EventDate "2019.06.08"]

1. e4 e5 2. Nf3 Nc6 3. Bc4 Bc5 4. c3 Nf6 5. d3 h6 6. Nbd2 d6 7. h3 O-O 8. Nf1
Be6 9. b4 Bb6 10. Bxe6 fxe6 11. Ng3 a6 12. Bb2 Qe8 13. d4 exd4 14. cxd4 Rd8 15.
O-O e5 16. Qb3+ Kh8 17. dxe5 dxe5 18. Rfe1 Nh5 19. Nf5 Nf4 20. g3 Rd3 21. Qc2
Nxh3+ 22. Kg2 Nxf2 23. Kf1 Rxf3 24. Nh4 Nxb4 25. Qd2 Nxe4+ 26. Kg2 Rf2+ 27. Kg1
Rxd2+ 28. Kh1 Nxg3# 0-1

[Event "ODJM C 2019"]
[Site "Willingen GER"]
[Date "2019.06.12"]
[Round "5"]
[White "Weiss, Adrian"]
[Black "Hapke, Lara"]
[Result "0-1"]
[Termination "normal"]
[Board "27"]
[WhiteElo "774"]
[BlackElo "1358"]
[PlyCount "32"]
[WhiteFideId "16286022"]
[BlackFideId "12996572"]
[EventCountry "GER"]
[EventRounds "9"]
[EventType "swiss"]
[EventDate "2019.06.08"]

1. d4 d5 2. Nf3 e6 3. Bf4 Nf6 4. e3 Be7 5. c4 O-O 6. Nc3 Nbd7 7. Bd3 b6 8. b3
Bb7 9. h4 Ne4 10. Nb5 Bb4+ 11. Ke2 c6 12. Qc2 cxb5 13. cxb5 Rc8 14. Qb2 Bc3 15.
Qa3 Bxa1 16. Rxa1 Re8 0-1

[Event "ODJM C 2019"]
[Site "Willingen GER"]
[Date "2019.06.12"]
[Round "5"]
[White "Chassard, Cecilia"]
[Black "Grunert, Greta"]
[Result "1-0"]
[Termination "normal"]
[Board "30"]
[WhiteElo "915"]
[BlackElo "861"]
[PlyCount "45"]
[WhiteFideId "16271831"]
[BlackFideId "16258649"]
[EventCountry "GER"]
[EventRounds "9"]
[EventType "swiss"]
[EventDate "2019.06.08"]

1. e4 c5 2. Nc3 e6 3. g3 Nc6 4. Bg2 Bd6 5. Nf3 Nge7 6. d4 O-O 7. d5 exd5 8.
Nxd5 Nxd5 9. exd5 Re8+ 10. Be3 Nd4 11. Nxd4 cxd4 12. Qxd4 b6 13. O-O Bc5 14.
Qf4 Ba6 15. Rfe1 Bb7 16. Qg4 Re5 17. Bh6 Rxe1+ 18. Rxe1 g6 19. Qc4 Qf6 20. Qe2
Qxb2 21. d6 Bxg2 22. Qe8+ Rxe8 23. Rxe8# 1-0

[Event "ODJM C 2019"]
[Site "Willingen GER"]
[Date "2019.06.12"]
[Round "5"]
[White "Akcapinar, Timur"]
[Black "Laag, Elena"]
[Result "0-1"]
[Termination "normal"]
[Board "31"]
[WhiteElo "852"]
[BlackElo "841"]
[PlyCount "136"]
[WhiteFideId "16287509"]
[BlackFideId "16287576"]
[EventCountry "GER"]
[EventRounds "9"]
[EventType "swiss"]
[EventDate "2019.06.08"]

1. e4 e6 2. Nf3 d5 3. exd5 exd5 4. d4 Bd6 5. Bd3 Nf6 6. O-O Nc6 7. Qe2+ Qe7 8.
Qxe7+ Nxe7 9. Bg5 Bf5 10. Bxf6 gxf6 11. Bxf5 Nxf5 12. Re1+ Be7 13. Nc3 c6 14.
a4 O-O-O 15. g4 Rhg8 16. h3 Rde8 17. Rab1 Nd6 18. b4 a6 19. b5 Nc4 20. bxa6
bxa6 21. a5 Nxa5 22. Rb6 Bd8 23. Rxe8 Rxe8 24. Rxa6 Kb7 25. Rxa5 Bxa5 26. Na4
Re2 27. Nc5+ Kc8 28. Nb3 Bb4 29. Kf1 Rxc2 30. g5 Rb2 31. Nc1 Rc2 32. Nd3 Be7
33. Nfe1 Rc3 34. gxf6 Bxf6 35. Kg2 Bxd4 36. Kf3 Bc5 37. Kf4 Bd6+ 38. Kf5 Be7
39. f4 h5 40. h4 Bxh4 41. Ke5 Be7 42. f5 Kd7 43. f6 Bd6+ 44. Kf5 c5 45. Kg5 c4
46. Nf2 Ke6 47. Nd1 Rh3 48. Nf2 Rh2 49. Nd1 Be5 50. Nf3 Rh3 51. Nxe5 Kxe5 52.
Nf2 Rg3+ 53. Kxh5 Kxf6 54. Kh4 Rg8 55. Nd1 Ke5 56. Nc3 d4 57. Ne2 d3 58. Nc3
Kd4 59. Nd1 d2 60. Kh3 Kd3 61. Nf2+ Ke2 62. Ng4 d1=Q 63. Nf6 Qg1 64. Nxg8 Qxg8
65. Kh4 Kf3 66. Kh5 Kf4 67. Kh6 Kf5 68. Kh5 Qg5# 0-1